Porovnání použitých technologií a jejich nákladů při výrobě tekuté fáze litin s lupínkovým a kuličkovým grafitem a ocelí na odlitky : seminář Brno, 8.3.2001 : závěrečná zpráva /

Další autoři: Kafka, Václav, 1942-
Jazyk: Čeština
Vydáno: Brno : Česká slévárenská společnost, 2001
Témata:
Fyzický popis: 44 s., [16] s. tabulek, [21] l. barev. obr. příl. ; 30 cm
Knihy
Uloženo v:
LEADER 01298nam a2200337 a 4500
001 000556507
003 CZ BrMZK
005 20070702130942.0
007 ta
008 000115s2001 xr f cze d
015 |a cnb000995835 
020 |a 80-238-6762-8 
035 |a (OCoLC)85012264 
040 |a BOA001  |b cze 
072 7 |a 669  |x Metalurgie  |2 Konspekt  |9 19 
080 |a 621.74  |2 MRF 
080 |a 669.18  |2 MRF 
080 |a 669.13.018.26  |2 MRF 
080 |a (047.31)  |2 MRF 
245 0 0 |a Porovnání použitých technologií a jejich nákladů při výrobě tekuté fáze litin s lupínkovým a kuličkovým grafitem a ocelí na odlitky :  |b seminář Brno, 8.3.2001 : závěrečná zpráva /  |c [koordinátor]: Václav Kafka. 
260 |a Brno :  |b Česká slévárenská společnost,  |c 2001 
300 |a 44 s., [16] s. tabulek, [21] l. barev. obr. příl. ;  |c 30 cm 
500 |a Bibliogr. 
650 0 7 |a slévárenství  |7 ph125708  |2 czenas 
650 0 7 |a metalurgie oceli  |7 ph138273  |2 czenas 
650 0 7 |a tvárná litina  |7 ph318938  |2 czenas 
655 7 |a výzkumné zprávy  |7 fd131869  |2 czenas 
700 1 |a Kafka, Václav,  |d 1942-  |7 mzk2003171556 
910 |a BOA001  |b 4-1084.234 
990 |a BK 
996 6 |b 2610133498  |c 4-1084.234  |l MZK  |r Sklad / do 1 hodiny  |n 1  |p p.v.  |w 000556507  |u 000010  |a 1  |e BOA001  |j MZK50  |s P